The Martha Stewart Living cookbook (Registro nro. 14184)

Detalles MARC
000 -LIDER
fixed length control field 00639nam a2200229 4500
001 - NÚMERO DE CONTROL
Identificador de número de control
003 - IDENTIFICACDOR DE NÚMERO DE CONTROL
control field DO-SdBNP
005 - DATE AND TIME OF LATEST TRANSACTION
control field 20220504133745.0
008 - ELEMENTOS DE LONGITUD FIJA
fixed length control field 020402s2000 nyua g 001 0 eng d
020 ## - ISBN
International Standard Book Number 0848723732
040 ## - FUENTE DE CATALOGACIÓN
Agencia que crea de manera original el registro BPMSU
Idioma de catalogación spa
Agencia que realiza la transcripción BPMSU
Agencia que realiza la modificación
082 ## - NÚMERO DE CLASIFICACIÓN DECIMAL DE DEWEY
Classification number 641.5
Item number M377s 2000
Edition number 22
245 04 - MENCIÓN DE TITULO
Título The Martha Stewart Living cookbook
260 ## - PUBLICACIÓN, DISTRIBUCIÓN, ETC. (PIE DE IMPRENTA)
Lugar de publicación, distribución, etc New York :
Nombre del editor, distribuidor, etc. Martha Stewart Living Omnimedia LLC,
Fecha de publicación, distribución, etc 2000.
300 ## - DESCRIPCIÓN FÍSICA
Extensión xlviii, 592 p. :
Otros detalles físicos col. ill. ;
Dimensiones 24 cm.
500 ## - NOTA GENERAL
Nota general Incluye índice
590 ## - NOTA LOCAL
Enlace Inventariado, 2022/VM
650 #4 - ENCABEZAMIENTO DE MATERIA--TEMÁTICO
Término temático o nombre geográfico como elemento de entrada Cocinando
730 0# - ADDED ENTRY--UNIFORM TITLE
Uniform title Martha Stewart living.
910 ## - VALIDACIÓN
Validación VMateo V.
942 ## - ADDED ENTRY ELEMENTS (KOHA)
Source of classification or shelving scheme Dewey Decimal Classification
Koha item type Libros
Existencias
Withdrawn status Lost status Source of classification or shelving scheme Damaged status Not for loan Collection code Home library Current library Date acquired Source of acquisition Full call number Barcode Date last seen Price effective from Koha item type
    Dewey Decimal Classification     Colección General Biblioteca Pública Metropolitana Salomé Ureña Biblioteca Pública Metropolitana Salomé Ureña 05/04/2022 Rosa Núñez BPMSU CG 641.5 M377s 2000 BPMSU22050008 05/04/2022 05/04/2022 Libros